| 000 | 00498nam a2200181Ia 4500 | ||
|---|---|---|---|
| 999 |
_c28553 _d28553 |
||
| 003 | OSt | ||
| 005 | 20210106120628.0 | ||
| 008 | 190216s9999||||xx |||||||||||||| ||und|| | ||
| 020 | _a9788126411887 | ||
| 040 | _coclc | ||
| 082 |
_a100 _bRAJ/N |
||
| 100 |
_aRajneesh, Osho _95903 |
||
| 245 | 0 |
_aNjan Maranam Padippikkunnu / _cOsho Rajneesh |
|
| 260 |
_bD C Books, _aKottayam: _c2005. |
||
| 300 | _a496p | ||
| 650 | _aPhilosophy | ||
| 942 |
_cBK _2ddc _h100 _iRAJ/N _k100 _mRAJ/N |
||